| 000 | 00000nas 2200000za 4500 |
| 001 | 9.821343 |
| 003 | CaOODSP |
| 005 | 20221107143432 |
| 007 | cr ||||||||||| |
| 008 | 150406d19892008oncar pso f0 a0eng|d |
| 040 | |aCaOODSP|beng |
| 043 | |an-cn--- |
| 086 | 1 |aF1-49E-PDF |
| 110 | 1 |aCanada. |bDepartment of Finance. |
| 245 | 10|aWhere your tax dollars go |h[electronic resource]. |
| 246 | 13|aWhere your tax dollar goes |
| 260 | |a[Ottawa] : |bDepartment of Finance, |c[1989-2008] |
| 310 | |aAnnual |
| 362 | 1 |aBegan with 1989?; ceased with 2007/2008. |
| 500 | |aIssued also in French under title: Où va l'argent de vos impôts. |
| 500 | |aDigitized edition from print [produced by Finance Canada]. |
| 692 | 07|2gccst|aPublic finance |
| 775 | 08|tOù va l'argent de vos impôts |w(CaOODSP)9.823988 |
| 775 | 08|tÀ quoi servent vos impôt |w(CaOODSP)9.838009 |
| 785 | 00|tYour tax dollar |w(CaOODSP)9.838006 |